| 000 | 01378aab a2200217 4500 | ||
|---|---|---|---|
| 001 | 768714001 | ||
| 003 | CO-MdFUSB | ||
| 005 | 20240611142238.0 | ||
| 008 | 170512s1994 cr ||||| |||| 00| 0 spa d | ||
| 022 | _a1409-1968 | ||
| 040 |
_aCO-MdFUSB _bspa _cCO-MdFUSB _dCO-MdFUSB |
||
| 041 | _aspa | ||
| 100 | 1 |
_aWittig, Randall M. _eautor |
|
| 245 | 1 | 3 |
_aEl abandono pastoral _c/ Randall M. Wittig |
| 300 |
_aVolumen 12. Número 1 (1994), página 4 _c: 27 cm. |
||
| 520 | _aEn este artículo se cita tres elementos que son básicos con el ministerio pastoral: La oración: colocarse uno mismo delante de Dios con atención. La lectura de las Escrituras: escuchar a Dios. El dar dirección espiritual: atender a los que Dios está y quiere decir a las personas en sus vidas diarias y transmitirselo. El atender a Dios, escucharle, rara vez puede hacer a las apuradas. Esto a su vez da lugar a que la gente se desvíe también. Sin embargo, el abandonar estos tres elementos básicos es abandonar nuestro llamado. Nuestra preocupación preeminente tienen que ser Dios mismo, lo que requiere una decisión: ser como Aarón o bien ser como Moisés. "Y Moisés fue fiel en toda la casa de Dios, como siervo..." | ||
| 653 | _aAbandono pastoral | ||
| 773 | 0 |
_tApuntes Pastorales _049442 _960179 _gVolumen 12. Número 1 (1994), página 4 _qPágina 4 |
|
| 942 | _cANA | ||
| 945 | _aJTF-925 | ||
| 999 |
_c53229 _d53229 |
||